| 000 | 00498nam a2200193Ia 4500 | ||
|---|---|---|---|
| 005 | 20240823050355.0 | ||
| 008 | 240823s9999||||xx |||||||||||||| ||und|| | ||
| 020 | _a978-81-775-8541-4 | ||
| 041 | _aENGLISH | ||
| 082 | _A547 Q2 | ||
| 100 | _aFinar I L | ||
| 245 | 0 | _aOrganic Chemistry Vol 2 Stereochemistry and the Chemistry Naturak Products | |
| 250 | _a5th | ||
| 260 |
_c2012 _b"Pearson ,Sing" |
||
| 500 | _aTRANSFERED | ||
| 650 |
_aChemistry _bChemistry |
||
| 942 | _cBK | ||
| 999 |
_c217104 _d217104 |
||